Cursed Bunny / (Record no. 203149)

MARC details
000 -LEADER
fixed length control field 00465 a2200193 4500
005 - DATE AND TIME OF LATEST TRANSACTION
control field 20240522114814.0
010 ## - LCCN (DPL NO)
LC control number B-759154
020 ## - INTERNATIONAL STANDARD BOOK NUMBER
International Standard Book Number 9789393701619
Terms of availability 599.00
035 ## - SYSTEM CONTROL NUMBER
System control number B-759154
037 ## - SOURCE OF ACQUISITION
Source of stock number/acquisition Gift
082 ## - DEWEY DECIMAL CLASSIFICATION NUMBER
Classification number N
100 ## - MAIN ENTRY--PERSONAL NAME
Personal name Chung, Bora
245 ## - TITLE STATEMENT
Title Cursed Bunny /
Statement of responsibility, etc Bora Chung
260 ## - PUBLICATION, DISTRIBUTION, ETC. (IMPRINT)
Place of publication, distribution, etc India
Name of publisher, distributor, etc Hachette
Date of publication, distribution, etc 2021
270 ## - ADDRESS
Address India
300 ## - PHYSICAL DESCRIPTION
Extent 245 p.
Dimensions 20 cm(Pb)
942 ## - ADDED ENTRY ELEMENTS (KOHA)
Institution code [OBSOLETE] dpl
Item type Children Books
Source of classification or shelving scheme Dewey Decimal Classification
Classification part N
Call number suffix CHU
Holdings
Withdrawn status Lost status Not for loan Collection code Home library Current library Date acquired Source of acquisition Cost, normal purchase price Full call number Barcode Copy number Cost, replacement price Koha item type Public note
      Fiction Sarojini Nagar Sarojini Nagar 22/05/2024 Gift/20.5.24 599.00 N CHU B-759154 1 599.00 Children Books Gift

© Delhi Public Library
Hit Counter
free hit counter